Tajny sovetskoj epochi ot Chruščeva do Gorbačeva

Bibliographic Details
Main Author: Nepomnjaščij, Nikolaj Nikolajevič (Author, Compiler)
Format: Book
Language:Russian
PhysicalDescription:378 s., [16] s. fotogr. príl. 21 cm
Published: Moskva Veče 2003
ISBN:5945383090
Series:Osobyj archiv
Subjects:

MARC

LEADER 00000nam a2200000 a 4500
001 vtls001478249
003 SK-MaSNL
005 20260301122134.0
008 171201s2003 ru o g 00000 rus
020 |a 5945383090  |q (viaz.) 
035 |a SNK000433549 
040 |a SNK  |b slo  |c SNK  |e AACR2 
043 |a e-ur--- 
072 7 |a 94(47)  |x Dejiny krajín východnej Európy  |2 konspekt 
080 |a 94(470+571)  |2 MDT-MRF 
080 |a 328/329  |2 MDT-MRF 
080 |a (470+571)  |2 MDT-MRF 
080 |a (048.8)  |2 MDT-MRF 
100 1 |a Nepomnjaščij, Nikolaj Nikolajevič  |4 aut  |4 com  |9 467268 
245 1 0 |a Tajny sovetskoj epochi  |b ot Chruščeva do Gorbačeva  |c [avtor-sostavitel' Nikolaj Nikolajevič Nepomnjaščij] 
260 |a Moskva  |b Veče  |c 2003 
300 |a 378 s., [16] s. fotogr. príl.  |c 21 cm 
490 1 |a Osobyj archiv 
650 0 7 |a politika a vláda  |z Sovietsky zväz  |2 SNKPH  |9 467269 
651 7 |a Sovietsky zväz  |2 SNKPH  |9 22126 
655 7 |a štúdie  |2 SNKPH  |9 57033 
830 0 |a Osobyj archiv  |9 311146 
919 |a 5-94538-309-0 
999 |c 731842  |d 733772 
952 |t P60, <04>, [BOOK], {604}, -K-  |a SNK  |b SNK  |y VYP  |7 0  |p 17A0441105  |o snkIC 131621  |i snkV 1268/2004  |8 2  |g 6.64  |0 0  |1 0  |4 0  |d 2004-07-12  |l 0  |r 2005-01-02 00:00:00  |w 2026-02-23